[Event "Women's Baku Chess Olympiad"]
[Site "chess24.com"]
[Date "2016.09.10"]
[Round "8"]
[White "Mendieta, Kathya"]
[Black "Steil-Antoni, Fiona"]
[Result "1/2-1/2"]
[Board "1"]
[WhiteID "6101496"]
[WhiteElo "1943"]
[WhiteTitle "WFM"]
[WhiteCountry "NCA"]
[WhiteFideId "6101496"]
[WhiteEloChange "6"]
[BlackID "4001249"]
[BlackElo "2159"]
[BlackTitle "WIM"]
[BlackCountry "LUX"]
[BlackFideId "4001249"]
[BlackEloChange "-6"]

1. e4 {[%clk 1:30:42]} d6 {[%clk 1:30:53]} 2. d4 {[%clk 1:30:01]} Nf6 {[%clk
1:31:11]} 3. Nc3 {[%clk 1:29:21]} Nbd7 {[%clk 1:31:23]} 4. Nf3 {[%clk 1:28:55]}
e5 {[%clk 1:31:33]} 5. dxe5 {[%clk 1:27:08]} dxe5 {[%clk 1:31:31]} 6. a3 {[%clk
1:20:24]} Be7 {[%clk 1:29:59]} 7. Bc4 {[%clk 1:18:05]} O-O {[%clk 1:29:53]} 8.
O-O {[%clk 1:18:27]} c6 {[%clk 1:29:25]} 9. Qe2 {[%clk 1:14:49]} Qc7 {[%clk
1:28:19]} 10. Bg5 {[%clk 1:07:34]} Nc5 {[%clk 1:23:13]} 11. Bh4 {[%clk 1:02:03]}
Ne6 {[%clk 1:19:59]} 12. Bg3 {[%clk 0:59:13]} Nf4 {[%clk 1:16:52]} 13. Bxf4
{[%clk 0:58:33]} exf4 {[%clk 1:17:12]} 14. e5 {[%clk 0:58:45]} Ne8 {[%clk
1:06:45]} 15. Qe4 {[%clk 0:55:41]} g5 {[%clk 0:33:25]} 16. Bd3 {[%clk 0:49:38]}
f5 {[%clk 0:33:32]} 17. exf6 {[%clk 0:50:01]} Bxf6 {[%clk 0:33:11]} 18. Qc4+
{[%clk 0:40:05]} Kh8 {[%clk 0:30:46]} 19. Ne4 {[%clk 0:30:56]} g4 {[%clk
0:25:28]} 20. Nxf6 {[%clk 0:27:47]} Nxf6 {[%clk 0:16:34]} 21. Ng5 {[%clk
0:27:10]} f3 {[%clk 0:14:57]} 22. Rfe1 {[%clk 0:20:59]} Qg7 {[%clk 0:09:47]} 23.
Qc5 {[%clk 0:19:55]} b6 {[%clk 0:06:34]} 24. Qd6 {[%clk 0:16:27]} Bd7 {[%clk
0:06:10]} 25. Ne6 {[%clk 0:10:40]} Bxe6 {[%clk 0:06:38]} 26. Rxe6 {[%clk
0:10:47]} Nd5 {[%clk 0:03:17]} 27. Rae1 {[%clk 0:05:15]} fxg2 {[%clk 0:02:46]}
28. c4 {[%clk 0:02:32]} Qxb2 {[%clk 0:01:39]} 29. R6e2 {[%clk 0:01:57]} Qf6
{[%clk 0:01:54]} 30. Qxf6+ {[%clk 0:02:05]} Nxf6 {[%clk 0:02:22]} 31. Re7 {[%clk
0:01:56]} Kg8 {[%clk 0:01:21]} 32. Kxg2 {[%clk 0:02:13]} Rf7 {[%clk 0:01:15]} 33.
Bf5 {[%clk 0:01:48]} Kf8 {[%clk 0:01:16]} 34. Rxf7+ {[%clk 0:01:47]} Kxf7 {[%clk
0:01:45]} 35. Re6 {[%clk 0:02:02]} c5 {[%clk 0:01:38]} 36. Rc6 {[%clk 0:02:09]}
Re8 {[%clk 0:01:34]} 37. Kg3 {[%clk 0:01:37]} h5 {[%clk 0:01:05]} 38. Kf4 {[%clk
0:01:30]} h4 {[%clk 0:00:41]} 39. Kg5 {[%clk 0:01:25]} Ne4+ {[%clk 0:00:47]} 40.
Kxg4 {[%clk 0:31:27]} Nf6+ {[%clk 0:30:35]} 41. Kg5 {[%clk 0:31:09]} Rg8+ {[%clk
0:23:34]} 42. Kxh4 {[%clk 0:29:25]} Rh8+ {[%clk 0:23:43]} 43. Kg3 {[%clk
0:26:43]} Nh5+ {[%clk 0:23:04]} 44. Kf3 {[%clk 0:24:49]} Ng7 {[%clk 0:21:18]} 45.
Bg4 {[%clk 0:22:18]} Rxh2 {[%clk 0:20:37]} 46. Rc7+ {[%clk 0:22:41]} Kf6 {[%clk
0:20:50]} 47. Rxa7 {[%clk 0:23:03]} Nf5 {[%clk 0:17:52]} 48. Bxf5 {[%clk
0:20:56]} Kxf5 {[%clk 0:18:14]} 49. Ke3 {[%clk 0:18:37]} 1/2-1/2

[Event "Women's Baku Chess Olympiad"]
[Site "chess24.com"]
[Date "2016.09.10"]
[Round "8"]
[White "Bakalarz, Grazyna"]
[Black "Granados Diaz, Maria Esther"]
[Result "1-0"]
[Board "2"]
[WhiteID "4000730"]
[WhiteElo "1953"]
[WhiteTitle "WFM"]
[WhiteCountry "LUX"]
[WhiteFideId "4000730"]
[WhiteEloChange "7"]
[BlackID "6101488"]
[BlackElo "1831"]
[BlackTitle "WIM"]
[BlackCountry "NCA"]
[BlackFideId "6101488"]
[BlackEloChange "-7"]

1. d4 {[%clk 1:30:58]} Nf6 {[%clk 1:30:55]} 2. Nf3 {[%clk 1:31:24]} g6 {[%clk
1:31:16]} 3. c4 {[%clk 1:31:35]} d5 {[%clk 1:31:35]} 4. Nc3 {[%clk 1:29:57]} Bg7
{[%clk 1:31:54]} 5. cxd5 {[%clk 1:29:59]} Nxd5 {[%clk 1:32:17]} 6. e4 {[%clk
1:29:56]} Nxc3 {[%clk 1:32:37]} 7. bxc3 {[%clk 1:30:19]} c5 {[%clk 1:31:47]} 8.
Be3 {[%clk 1:30:01]} Bg4 {[%clk 1:31:25]} 9. Bc4 {[%clk 1:16:00]} O-O {[%clk
1:30:53]} 10. Qd2 {[%clk 1:04:53]} Bxf3 {[%clk 1:06:54]} 11. gxf3 {[%clk
1:05:17]} Qa5 {[%clk 1:07:10]} 12. Rd1 {[%clk 0:58:21]} Nc6 {[%clk 1:05:30]} 13.
e5 {[%clk 0:57:55]} Rad8 {[%clk 1:04:32]} 14. f4 {[%clk 0:55:13]} b5 {[%clk
0:58:58]} 15. Be2 {[%clk 0:50:34]} b4 {[%clk 0:58:27]} 16. cxb4 {[%clk 0:48:51]}
Nxb4 {[%clk 0:58:40]} 17. O-O {[%clk 0:39:25]} cxd4 {[%clk 0:55:19]} 18. Bxd4
{[%clk 0:38:54]} Qxa2 {[%clk 0:55:26]} 19. Qxa2 {[%clk 0:38:18]} Nxa2 {[%clk
0:55:48]} 20. Bc4 {[%clk 0:37:19]} Nb4 {[%clk 0:54:34]} 21. Bxa7 {[%clk 0:35:43]}
Bh6 {[%clk 0:52:59]} 22. Be3 {[%clk 0:20:44]} Nc2 {[%clk 0:50:25]} 23. Kg2 {[%clk
0:16:43]} Rc8 {[%clk 0:48:38]} 24. Ba6 {[%clk 0:12:03]} Ra8 {[%clk 0:43:46]} 25.
Bd3 {[%clk 0:10:27]} Ra2 {[%clk 0:38:41]} 26. Bxc2 {[%clk 0:09:34]} Rxc2 {[%clk
0:39:06]} 27. Rd7 {[%clk 0:09:07]} e6 {[%clk 0:38:42]} 28. Rfd1 {[%clk 0:07:43]}
Rfc8 {[%clk 0:38:27]} 29. Rd8+ {[%clk 0:07:26]} Kg7 {[%clk 0:38:27]} 30. Rxc8
{[%clk 0:06:45]} Rxc8 {[%clk 0:38:52]} 31. h4 {[%clk 0:06:43]} Rc7 {[%clk
0:32:52]} 32. Kf3 {[%clk 0:06:16]} Rc4 {[%clk 0:31:55]} 33. Kg4 {[%clk 0:05:43]}
Rb4 {[%clk 0:30:48]} 34. Kf3 {[%clk 0:05:03]} Rc4 {[%clk 0:30:55]} 35. h5 {[%clk
0:04:04]} Rc8 {[%clk 0:30:12]} 36. Rh1 {[%clk 0:03:50]} Ra8 {[%clk 0:29:53]} 37.
Rg1 {[%clk 0:03:25]} Rc8 {[%clk 0:30:04]} 38. Rh1 {[%clk 0:02:54]} Ra8 {[%clk
0:29:47]} 39. Kg4 {[%clk 0:02:39]} Ra4 {[%clk 0:29:48]} 40. Kf3 {[%clk 0:32:45]}
Ra8 {[%clk 1:00:10]} 41. Bc5 {[%clk 0:18:50]} Rc8 {[%clk 0:59:05]} 42. Be7 {[%clk
0:17:21]} Rc3+ {[%clk 0:54:12]} 43. Kg4 {[%clk 0:13:57]} gxh5+ {[%clk 0:38:56]}
44. Kxh5 {[%clk 0:14:05]} f6 {[%clk 0:29:53]} 45. Bxf6+ {[%clk 0:14:17]} Kf7
{[%clk 0:30:09]} 46. Kxh6 {[%clk 0:14:37]} Rf3 {[%clk 0:29:43]} 47. Kg5 {[%clk
0:13:49]} Rxf2 {[%clk 0:29:50]} 48. Rxh7+ {[%clk 0:14:02]} Kg8 {[%clk 0:30:02]}
49. Re7 {[%clk 0:13:02]} Rg2+ {[%clk 0:29:52]} 50. Kh5 {[%clk 0:13:11]} Rf2
{[%clk 0:29:04]} 51. Bg5 {[%clk 0:13:26]} 1-0

[Event "Women's Baku Chess Olympiad"]
[Site "chess24.com"]
[Date "2016.09.10"]
[Round "8"]
[White "Blond Hanten, Elsa"]
[Black "Moraga, Maria"]
[Result "1-0"]
[Board "4"]
[WhiteID "4001516"]
[WhiteElo "1745"]
[WhiteCountry "LUX"]
[WhiteFideId "4001516"]
[WhiteEloChange "10"]
[BlackID "6102115"]
[BlackElo "1732"]
[BlackCountry "NCA"]
[BlackFideId "6102115"]
[BlackEloChange "-10"]

1. e4 {[%clk 1:30:58]} e5 {[%clk 1:30:52]} 2. Nf3 {[%clk 1:31:24]} Nc6 {[%clk
1:31:11]} 3. Bc4 {[%clk 1:31:47]} Bc5 {[%clk 1:31:20]} 4. c3 {[%clk 1:32:10]} Nf6
{[%clk 1:28:46]} 5. d4 {[%clk 1:32:29]} exd4 {[%clk 1:28:50]} 6. cxd4 {[%clk
1:32:51]} Bb4+ {[%clk 1:28:39]} 7. Bd2 {[%clk 1:33:09]} Bxd2+ {[%clk 1:22:22]} 8.
Nbxd2 {[%clk 1:33:30]} d6 {[%clk 1:22:30]} 9. O-O {[%clk 1:31:10]} O-O {[%clk
1:22:49]} 10. Rc1 {[%clk 1:25:22]} Bg4 {[%clk 1:22:43]} 11. Qc2 {[%clk 1:21:57]}
a6 {[%clk 1:19:49]} 12. h3 {[%clk 1:16:37]} Bh5 {[%clk 1:16:28]} 13. a3 {[%clk
1:05:31]} d5 {[%clk 1:10:52]} 14. exd5 {[%clk 0:58:22]} Nxd5 {[%clk 1:10:52]} 15.
Bxd5 {[%clk 0:53:37]} Qxd5 {[%clk 1:10:53]} 16. Qc5 {[%clk 0:52:56]} Rad8 {[%clk
1:06:57]} 17. Qxd5 {[%clk 0:45:35]} Rxd5 {[%clk 1:07:20]} 18. Rc5 {[%clk
0:44:46]} Rfd8 {[%clk 1:05:23]} 19. Re1 {[%clk 0:41:25]} Bxf3 {[%clk 1:00:56]}
20. Nxf3 {[%clk 0:41:18]} g6 {[%clk 0:57:23]} 21. Re3 {[%clk 0:28:10]} Kg7 {[%clk
0:50:39]} 22. Ne5 {[%clk 0:23:06]} Rxc5 {[%clk 0:46:21]} 23. dxc5 {[%clk
0:23:26]} Nxe5 {[%clk 0:45:50]} 24. Rxe5 {[%clk 0:23:50]} Kf6 {[%clk 0:45:57]}
25. Re3 {[%clk 0:21:46]} Rd5 {[%clk 0:45:16]} 26. Rb3 {[%clk 0:18:23]} Rxc5
{[%clk 0:44:42]} 27. Rxb7 {[%clk 0:18:40]} Ke6 {[%clk 0:43:42]} 28. Kf1 {[%clk
0:17:04]} Kd6 {[%clk 0:42:47]} 29. Ke2 {[%clk 0:15:46]} Rb5 {[%clk 0:42:48]} 30.
Rxb5 {[%clk 0:15:01]} axb5 {[%clk 0:43:13]} 31. Kd3 {[%clk 0:14:51]} Kd5 {[%clk
0:42:08]} 32. b3 {[%clk 0:11:22]} Kc5 {[%clk 0:35:02]} 33. Kc3 {[%clk 0:10:43]}
Kb6 {[%clk 0:33:25]} 34. b4 {[%clk 0:07:44]} c5 {[%clk 0:30:24]} 35. bxc5+ {[%clk
0:06:38]} Kxc5 {[%clk 0:30:01]} 36. h4 {[%clk 0:04:17]} h6 {[%clk 0:26:27]} 37.
g4 {[%clk 0:03:25]} f6 {[%clk 0:23:19]} 38. h5 {[%clk 0:01:47]} gxh5 {[%clk
0:21:59]} 39. gxh5 {[%clk 0:02:11]} Kc6 {[%clk 0:17:58]} 40. Kb4 {[%clk 0:31:34]}
Kb6 {[%clk 0:47:02]} 41. f3 {[%clk 0:30:21]} Kc6 {[%clk 0:45:59]} 42. Ka5 {[%clk
0:25:59]} Kc5 {[%clk 0:45:07]} 43. Ka6 {[%clk 0:22:05]} f5 {[%clk 0:44:51]} 44.
Kb7 {[%clk 0:19:47]} b4 {[%clk 0:42:12]} 45. axb4+ {[%clk 0:19:23]} Kxb4 {[%clk
0:42:37]} 46. Kc6 {[%clk 0:18:37]} Kc4 {[%clk 0:42:51]} 47. Kd6 {[%clk 0:18:26]}
Kd4 {[%clk 0:43:16]} 48. Ke6 {[%clk 0:18:16]} f4 {[%clk 0:43:22]} 49. Kf5 {[%clk
0:18:17]} Ke3 {[%clk 0:43:28]} 50. Kg4 {[%clk 0:18:25]} Kd4 {[%clk 0:42:37]} 51.
Kxf4 {[%clk 0:18:25]} 1-0

[Event "Women's Baku Chess Olympiad"]
[Site "chess24.com"]
[Date "2016.09.10"]
[Round "8"]
[White "Munoz Santana, Doribel"]
[Black "Baklanova, Tatiana"]
[Result "0-1"]
[Board "1"]
[WhiteID "6400574"]
[WhiteElo "1899"]
[WhiteTitle "WCM"]
[WhiteCountry "DOM"]
[WhiteFideId "6400574"]
[WhiteEloChange "-3"]
[BlackID "14100754"]
[BlackElo "2200"]
[BlackTitle "WIM"]
[BlackCountry "UKR"]
[BlackFideId "14100754"]
[BlackEloChange "3"]

1. d4 {[%clk 1:30:58]} f5 {[%clk 1:26:56]} 2. g3 {[%clk 1:30:52]} Nf6 {[%clk
1:27:18]} 3. Bg2 {[%clk 1:31:16]} d6 {[%clk 1:27:44]} 4. Nf3 {[%clk 1:31:06]} g6
{[%clk 1:27:54]} 5. O-O {[%clk 1:29:56]} Bg7 {[%clk 1:28:18]} 6. c4 {[%clk
1:30:21]} O-O {[%clk 1:28:32]} 7. Nc3 {[%clk 1:30:10]} c6 {[%clk 1:28:57]} 8. Qc2
{[%clk 1:25:38]} Qe8 {[%clk 1:23:48]} 9. d5 {[%clk 1:20:32]} Nh5 {[%clk 1:05:44]}
10. e3 {[%clk 1:17:31]} Na6 {[%clk 0:59:11]} 11. Nd4 {[%clk 1:13:22]} Bd7 {[%clk
0:57:29]} 12. a3 {[%clk 1:10:03]} Rc8 {[%clk 0:53:22]} 13. Rb1 {[%clk 1:04:15]}
f4 {[%clk 0:50:34]} 14. Ne6 {[%clk 1:02:58]} Bxe6 {[%clk 0:49:37]} 15. dxe6
{[%clk 1:03:21]} fxg3 {[%clk 0:28:57]} 16. hxg3 {[%clk 1:02:06]} Nc7 {[%clk
0:28:49]} 17. Bh3 {[%clk 1:00:57]} Bh6 {[%clk 0:28:30]} 18. e4 {[%clk 0:58:04]}
Bxc1 {[%clk 0:20:52]} 19. Rbxc1 {[%clk 0:56:19]} Ng7 {[%clk 0:20:13]} 20. Qb3
{[%clk 0:50:59]} Ncxe6 {[%clk 0:14:20]} 21. c5 {[%clk 0:34:28]} Qf7 {[%clk
0:14:39]} 22. cxd6 {[%clk 0:31:51]} exd6 {[%clk 0:15:01]} 23. Rcd1 {[%clk
0:29:45]} Rcd8 {[%clk 0:15:16]} 24. Rd2 {[%clk 0:24:46]} Ng5 {[%clk 0:10:38]} 25.
Qxf7+ {[%clk 0:25:05]} Kxf7 {[%clk 0:08:42]} 26. Bg2 {[%clk 0:24:24]} Ke7 {[%clk
0:09:03]} 27. f4 {[%clk 0:23:22]} Nf7 {[%clk 0:08:53]} 28. b4 {[%clk 0:21:17]} a6
{[%clk 0:09:00]} 29. a4 {[%clk 0:21:22]} Nh5 {[%clk 0:07:22]} 30. Kh2 {[%clk
0:21:28]} Nf6 {[%clk 0:07:42]} 31. b5 {[%clk 0:21:21]} axb5 {[%clk 0:07:33]} 32.
axb5 {[%clk 0:21:39]} Ng4+ {[%clk 0:05:42]} 33. Kg1 {[%clk 0:20:06]} Ra8 {[%clk
0:05:56]} 34. bxc6 {[%clk 0:12:51]} bxc6 {[%clk 0:06:24]} 35. Rb1 {[%clk
0:13:01]} Rfb8 {[%clk 0:06:46]} 36. Re1 {[%clk 0:08:40]} Ra3 {[%clk 0:06:53]} 37.
Rc2 {[%clk 0:08:15]} Rbb3 {[%clk 0:04:47]} 38. Ne2 {[%clk 0:08:25]} Nd8 {[%clk
0:05:02]} 39. e5 {[%clk 0:07:07]} d5 {[%clk 0:04:32]} 40. Nd4 {[%clk 0:37:24]}
Rxg3 {[%clk 0:33:54]} 41. Nxc6+ {[%clk 0:37:29]} Nxc6 {[%clk 0:34:06]} 42. Rxc6
{[%clk 0:37:20]} Ra2 {[%clk 0:33:40]} 0-1

[Event "Women's Baku Chess Olympiad"]
[Site "chess24.com"]
[Date "2016.09.10"]
[Round "8"]
[White "Lagutina, Olga"]
[Black "Jose Polanco, Kenia"]
[Result "0-1"]
[Board "2"]
[WhiteID "14122294"]
[WhiteElo "1910"]
[WhiteCountry "RUS"]
[WhiteFideId "14122294"]
[WhiteEloChange "-10"]
[BlackID "6401074"]
[BlackElo "1923"]
[BlackTitle "WCM"]
[BlackCountry "DOM"]
[BlackFideId "6401074"]
[BlackEloChange "10"]

1. d4 {[%clk 1:30:55]} Nf6 {[%clk 1:30:53]} 2. c4 {[%clk 1:31:15]} g6 {[%clk
1:31:09]} 3. Nc3 {[%clk 1:31:38]} Bg7 {[%clk 1:31:20]} 4. e4 {[%clk 1:30:59]} d6
{[%clk 1:31:18]} 5. Be2 {[%clk 1:31:15]} Nbd7 {[%clk 1:31:16]} 6. h3 {[%clk
1:31:28]} e5 {[%clk 1:29:56]} 7. d5 {[%clk 1:31:30]} Nc5 {[%clk 1:29:42]} 8. Bf3
{[%clk 1:31:13]} a5 {[%clk 1:30:04]} 9. Bg5 {[%clk 1:27:55]} Bd7 {[%clk 1:29:00]}
10. Nge2 {[%clk 1:27:00]} Rb8 {[%clk 1:28:43]} 11. Qd2 {[%clk 1:25:51]} O-O
{[%clk 1:27:44]} 12. g4 {[%clk 1:20:03]} Qe8 {[%clk 1:23:37]} 13. a4 {[%clk
1:15:10]} Nb3 {[%clk 1:22:44]} 14. Qd1 {[%clk 1:15:32]} Nxa1 {[%clk 1:22:38]} 15.
Qxa1 {[%clk 1:16:00]} c6 {[%clk 1:22:17]} 16. dxc6 {[%clk 1:11:17]} bxc6 {[%clk
1:21:31]} 17. O-O {[%clk 1:11:36]} Qe6 {[%clk 1:18:42]} 18. Qa2 {[%clk 1:11:31]}
Rb4 {[%clk 1:18:54]} 19. b3 {[%clk 1:11:39]} Rfb8 {[%clk 1:18:56]} 20. Nc1 {[%clk
1:11:48]} h5 {[%clk 1:16:24]} 21. Bxf6 {[%clk 1:10:23]} Qxf6 {[%clk 1:15:51]} 22.
Qe2 {[%clk 1:10:24]} Bh6 {[%clk 1:13:43]} 23. N3a2 {[%clk 1:10:32]} R4b7 {[%clk
1:10:06]} 24. Kg2 {[%clk 1:10:37]} hxg4 {[%clk 1:07:22]} 25. hxg4 {[%clk
1:10:52]} Bf4 {[%clk 1:02:29]} 26. Rh1 {[%clk 1:09:50]} Kg7 {[%clk 1:02:01]} 27.
Qe1 {[%clk 1:09:53]} Qg5 {[%clk 0:55:21]} 28. Qd1 {[%clk 1:09:08]} Qf6 {[%clk
0:39:26]} 29. Rh3 {[%clk 1:01:50]} Rh8 {[%clk 0:38:15]} 30. Qe1 {[%clk 1:01:04]}
Rxh3 {[%clk 0:36:11]} 31. Kxh3 {[%clk 1:01:32]} Qg5 {[%clk 0:34:35]} 32. Qd1
{[%clk 0:55:23]} Qh5+ {[%clk 0:29:42]} 33. Kg2 {[%clk 0:54:52]} Qh2+ {[%clk
0:29:14]} 34. Kf1 {[%clk 0:55:08]} Qh3+ {[%clk 0:24:28]} 35. Ke1 {[%clk 0:54:15]}
Be6 {[%clk 0:08:40]} 36. Nd3 {[%clk 0:53:39]} Bg5 {[%clk 0:08:25]} 37. Nc3 {[%clk
0:53:09]} Qh2 {[%clk 0:07:50]} 38. Ne2 {[%clk 0:48:21]} Qh4 {[%clk 0:05:52]} 39.
Ng3 {[%clk 0:46:01]} Qh2 {[%clk 0:05:22]} 40. Ke2 {[%clk 1:08:22]} Bh4 {[%clk
0:33:10]} 41. Nf1 {[%clk 1:05:04]} Qg1 {[%clk 0:31:55]} 42. Ke1 {[%clk 1:04:43]}
f5 {[%clk 0:26:00]} 43. gxf5 {[%clk 0:56:25]} gxf5 {[%clk 0:26:23]} 44. Kd2
{[%clk 0:45:51]} fxe4 {[%clk 0:22:37]} 45. Bxe4 {[%clk 0:44:22]} d5 {[%clk
0:22:15]} 46. Bf3 {[%clk 0:26:47]} e4 {[%clk 0:21:30]} 47. Qe2 {[%clk 0:22:32]}
exd3 {[%clk 0:19:47]} 48. Qxe6 {[%clk 0:20:23]} Qxf2+ {[%clk 0:19:46]} 49. Be2
{[%clk 0:19:50]} Qxe2+ {[%clk 0:18:48]} 50. Qxe2 {[%clk 0:20:17]} dxe2 {[%clk
0:19:08]} 51. Kxe2 {[%clk 0:20:41]} dxc4 {[%clk 0:17:06]} 52. bxc4 {[%clk
0:20:55]} Rb4 {[%clk 0:17:03]} 53. Ne3 {[%clk 0:21:18]} Bg5 {[%clk 0:16:43]} 0-1

[Event "Women's Baku Chess Olympiad"]
[Site "chess24.com"]
[Date "2016.09.10"]
[Round "8"]
[White "Almanzar Vasquez, Jennifer Maria"]
[Black "Myronenko, Natalya"]
[Result "1-0"]
[Board "3"]
[WhiteID "6406505"]
[WhiteElo "1768"]
[WhiteCountry "DOM"]
[WhiteFideId "6406505"]
[WhiteEloChange "14"]
[BlackID "14124530"]
[BlackElo "1922"]
[BlackCountry "UKR"]
[BlackFideId "14124530"]
[BlackEloChange "-14"]

1. e4 {[%clk 1:30:56]} e5 {[%clk 1:30:45]} 2. Nf3 {[%clk 1:31:21]} Nc6 {[%clk
1:31:11]} 3. d4 {[%clk 1:31:44]} exd4 {[%clk 1:31:13]} 4. Nxd4 {[%clk 1:32:09]}
Bc5 {[%clk 1:30:16]} 5. Nxc6 {[%clk 1:32:30]} Qf6 {[%clk 1:29:33]} 6. Qd2 {[%clk
1:32:41]} Qxc6 {[%clk 1:25:24]} 7. Nc3 {[%clk 1:33:03]} Nf6 {[%clk 1:25:00]} 8.
Bd3 {[%clk 1:33:17]} O-O {[%clk 1:22:21]} 9. O-O {[%clk 1:33:42]} d5 {[%clk
1:17:00]} 10. exd5 {[%clk 1:31:15]} Qd7 {[%clk 1:14:37]} 11. Qg5 {[%clk 1:29:10]}
h6 {[%clk 1:11:11]} 12. Qg3 {[%clk 1:28:32]} Bd6 {[%clk 1:08:44]} 13. Qf3 {[%clk
1:28:00]} Ng4 {[%clk 1:08:05]} 14. Bf4 {[%clk 1:19:07]} a6 {[%clk 0:57:53]} 15.
Rad1 {[%clk 1:16:49]} g5 {[%clk 0:52:27]} 16. Bxd6 {[%clk 1:16:49]} Qxd6 {[%clk
0:52:31]} 17. Qg3 {[%clk 1:12:53]} Qxg3 {[%clk 0:47:20]} 18. hxg3 {[%clk
1:12:47]} Kg7 {[%clk 0:46:09]} 19. Rfe1 {[%clk 1:12:47]} f5 {[%clk 0:45:02]} 20.
Re7+ {[%clk 1:11:08]} Rf7 {[%clk 0:45:27]} 21. Rde1 {[%clk 1:10:59]} Bd7 {[%clk
0:45:17]} 22. Rxd7 {[%clk 1:07:23]} Rxd7 {[%clk 0:42:32]} 23. Bxf5 {[%clk
1:07:49]} Rf7 {[%clk 0:42:59]} 24. Bxg4 {[%clk 1:08:15]} Raf8 {[%clk 0:43:21]}
25. Re2 {[%clk 1:04:02]} b6 {[%clk 0:43:16]} 26. Bh5 {[%clk 1:03:32]} Rd7 {[%clk
0:41:49]} 27. Re6 {[%clk 1:02:49]} a5 {[%clk 0:39:16]} 28. Kf1 {[%clk 0:57:16]}
b5 {[%clk 0:36:34]} 29. Nxb5 {[%clk 0:56:17]} Rxd5 {[%clk 0:37:01]} 30. Nxc7
{[%clk 0:56:35]} Rc5 {[%clk 0:37:19]} 31. Rg6+ {[%clk 0:56:20]} Kh7 {[%clk
0:35:55]} 32. Ne6 {[%clk 0:56:41]} Rxf2+ {[%clk 0:36:16]} 33. Kxf2 {[%clk
0:57:00]} Rxc2+ {[%clk 0:36:38]} 34. Kg1 {[%clk 0:56:48]} Rxb2 {[%clk 0:36:56]}
35. Nf8+ {[%clk 0:53:40]} Kh8 {[%clk 0:37:20]} 36. Rxh6+ {[%clk 0:52:04]} Kg7
{[%clk 0:37:48]} 37. Ra6 {[%clk 0:52:33]} Rxa2 {[%clk 0:37:19]} 38. Ne6+ {[%clk
0:52:59]} Kf6 {[%clk 0:36:19]} 39. Nd4+ {[%clk 0:49:38]} Kg7 {[%clk 0:36:10]} 40.
Be8 {[%clk 1:17:02]} Kf8 {[%clk 1:02:10]} 41. Bb5 {[%clk 1:17:26]} Rb2 {[%clk
1:01:21]} 42. Rxa5 {[%clk 1:17:37]} Rb4 {[%clk 1:01:48]} 43. Ne6+ {[%clk
1:17:45]} Ke7 {[%clk 1:02:11]} 44. Nxg5 {[%clk 1:18:11]} Rg4 {[%clk 1:02:25]} 45.
Be2 {[%clk 1:17:52]} Rxg3 {[%clk 1:02:27]} 46. Bf3 {[%clk 1:18:16]} 1-0

[Event "Women's Baku Chess Olympiad"]
[Site "chess24.com"]
[Date "2016.09.10"]
[Round "8"]
[White "Gonchar, Svitlana"]
[Black "Villar Acevedo, Darlin Rocio"]
[Result "1/2-1/2"]
[Board "4"]
[WhiteID "14122103"]
[WhiteElo "1807"]
[WhiteCountry "UKR"]
[WhiteFideId "14122103"]
[WhiteEloChange "-1"]
[BlackID "6405053"]
[BlackElo "1781"]
[BlackCountry "DOM"]
[BlackFideId "6405053"]
[BlackEloChange "1"]

1. d4 {[%clk 1:30:49]} d5 {[%clk 1:30:42]} 2. c4 {[%clk 1:31:14]} e6 {[%clk
1:31:04]} 3. Nc3 {[%clk 1:31:34]} Nf6 {[%clk 1:31:27]} 4. Bg5 {[%clk 1:31:34]} h6
{[%clk 1:31:48]} 5. Bh4 {[%clk 1:31:55]} Be7 {[%clk 1:32:10]} 6. e3 {[%clk
1:32:14]} O-O {[%clk 1:32:25]} 7. Nf3 {[%clk 1:32:41]} b6 {[%clk 1:32:40]} 8.
cxd5 {[%clk 1:32:57]} Nxd5 {[%clk 1:32:55]} 9. Nxd5 {[%clk 1:29:19]} exd5 {[%clk
1:33:12]} 10. Bxe7 {[%clk 1:28:54]} Qxe7 {[%clk 1:33:38]} 11. Be2 {[%clk
1:28:00]} Be6 {[%clk 1:33:48]} 12. Rc1 {[%clk 1:27:57]} c5 {[%clk 1:33:45]} 13.
dxc5 {[%clk 1:20:07]} bxc5 {[%clk 1:33:44]} 14. O-O {[%clk 1:20:33]} Nd7 {[%clk
1:32:58]} 15. b3 {[%clk 1:13:36]} Rfc8 {[%clk 1:23:30]} 16. Qd2 {[%clk 1:02:30]}
a5 {[%clk 1:06:52]} 17. Bb5 {[%clk 0:54:40]} Nb6 {[%clk 0:46:20]} 18. a4 {[%clk
0:35:07]} Nd7 {[%clk 0:32:28]} 19. Rfd1 {[%clk 0:34:34]} Nf6 {[%clk 0:31:54]} 20.
Ne5 {[%clk 0:30:51]} Qd6 {[%clk 0:29:29]} 21. Qb2 {[%clk 0:22:35]} Qb6 {[%clk
0:23:16]} 22. h3 {[%clk 0:15:13]} Ra7 {[%clk 0:22:41]} 23. Rd2 {[%clk 0:12:14]}
Ne4 {[%clk 0:19:34]} 24. Rdc2 {[%clk 0:10:39]} Rac7 {[%clk 0:16:32]} 25. f3
{[%clk 0:03:23]} Nd6 {[%clk 0:16:45]} 26. Bd3 {[%clk 0:02:31]} c4 {[%clk
0:11:04]} 27. bxc4 {[%clk 0:02:27]} Qxe3+ {[%clk 0:11:30]} 28. Kh1 {[%clk
0:02:49]} dxc4 {[%clk 0:11:51]} 29. Re2 {[%clk 0:01:55]} Qf4 {[%clk 0:11:04]} 30.
Be4 {[%clk 0:01:25]} c3 {[%clk 0:09:38]} 31. Qc2 {[%clk 0:01:32]} Nxe4 {[%clk
0:09:27]} 32. Rxe4 {[%clk 0:01:47]} Qd2 {[%clk 0:09:43]} 33. Re2 {[%clk 0:00:47]}
Qxc2 {[%clk 0:09:41]} 34. Rcxc2 {[%clk 0:00:51]} Bb3 {[%clk 0:09:55]} 35. Rc1
{[%clk 0:00:55]} Bxa4 {[%clk 0:10:09]} 36. Ra2 {[%clk 0:01:17]} Re8 {[%clk
0:09:15]} 37. f4 {[%clk 0:01:17]} Bb3 {[%clk 0:07:19]} 38. Rxa5 {[%clk 0:01:14]}
Rd8 {[%clk 0:07:38]} 39. Raa1 {[%clk 0:00:31]} c2 {[%clk 0:07:27]} 40. Kg1 {[%clk
0:30:33]} Rd1+ {[%clk 0:36:54]} 41. Kf2 {[%clk 0:30:48]} Rc3 {[%clk 0:33:08]} 42.
Nf3 {[%clk 0:30:03]} Bc4 {[%clk 0:31:47]} 43. Rxd1 {[%clk 0:25:22]} cxd1Q {[%clk
0:30:51]} 44. Rxd1 {[%clk 0:25:45]} Rc2+ {[%clk 0:31:11]} 45. Rd2 {[%clk
0:25:48]} Rc1 {[%clk 0:31:29]} 46. Ne5 {[%clk 0:25:34]} Be6 {[%clk 0:31:08]} 47.
g4 {[%clk 0:20:07]} Kh7 {[%clk 0:28:49]} 48. f5 {[%clk 0:17:34]} Bb3 {[%clk
0:29:14]} 49. Rd7 {[%clk 0:14:08]} f6 {[%clk 0:19:34]} 50. Ng6 {[%clk 0:11:19]}
Rc8 {[%clk 0:19:16]} 51. Nf4 {[%clk 0:10:49]} Rf8 {[%clk 0:18:58]} 52. Ng6 {[%clk
0:10:07]} Re8 {[%clk 0:18:12]} 53. Nf4 {[%clk 0:10:05]} Rf8 {[%clk 0:18:27]} 54.
Ng6 {[%clk 0:07:57]} 1/2-1/2